| 000 | 00429nam a2200097Ia 4500 | ||
|---|---|---|---|
| 008 | 220216s9999 xx 000 0 und d | ||
| 100 | _aSailajadevi T | ||
| 245 | 0 | _aIndian summer monsoon rainfall(ISMR) over Kerala exhibits a temporary shift | |
| 260 | _bIRC 2012. International Rubber Conference, 28-31 October 2012, Kovalam, India, Rubber Research Institute of India, Kottayam and IRRDB, Malaysia: Abstracts. pp.137. | ||
| 942 | _cJS | ||
| 999 |
_c61103 _d61103 |
||